| 000 | 00843pam a2200265 a 4500 | ||
|---|---|---|---|
| 999 |
_c129256 _d129256 |
||
| 001 | 950552 | ||
| 003 | ARRUPE | ||
| 005 | 20190327111248.0 | ||
| 008 | 840120s1985 nyua b 001 0 eng | ||
| 010 | _a 84001575 | ||
| 020 |
_a0898761018 : _c$24.95 (est.) |
||
| 040 |
_aDLC _cDLC _dDLC |
||
| 050 | 0 | 0 |
_aBF175 _b.M263 1985 |
| 082 | 0 | 0 |
_a616.89/14 _219 |
| 100 | 1 |
_aMackey, Richard A. _945378 |
|
| 245 | 1 | 0 |
_aEgo psychology and clinical practice / _cRichard A. Mackey. |
| 260 |
_aNew York : _bGardner Press, _cc1985. |
||
| 300 |
_axiv, 252 p. : _bill. ; _c24 cm. |
||
| 500 | _aIncludes index. | ||
| 504 | _aBibliography: p. 241-248. | ||
| 650 | 0 |
_aEgo (Psychology) _945379 |
|
| 650 | 0 |
_aPsychotherapy. _945380 |
|
| 650 | 0 |
_aPsychiatric social work. _945381 |
|
| 906 |
_a7 _bcbc _corignew _d1 _eocip _f19 _gy-gencatlg |
||
| 942 |
_2lcc _cMONOGRAPH |
||